Car Brand By Logos #1 - Statistics

General Stats
  • This quiz has been taken 257 times
  • The average score is 13 of 15
Answer Stats
Picture Answer % Correct
BMW
99%
Honda
99%
Volkswagen
98%
Chevrolet
96%
Lexus
93%
Mitsubishi
91%
Suzuki
91%
Skoda
86%
Cadillac
85%
Infiniti
83%
Seat
82%
Citroen
80%
Renault
79%
Lincoln
78%
Rimac
23%
No matching quizzes found
Score Distribution
Percent of People with Each Score
Percentile by Number Answered
Your Score History
You have not taken this quiz